[Event "NATO-ch 33rd"]
[Site "Portoroz"]
[Date "2023.09.07"]
[Round "6"]
[White "Glatty, Zbigniew"]
[Black "Kyrge, Kersti"]
[Result "1-0"]
[WhiteElo "1705"]
[BlackElo "1814"]
[PlyCount "157"]
[EventDate "2023.09.04"]
[EventType "swiss"]
[EventRounds "7"]
[EventCountry "SLO"]
[SourceTitle "EXT 2024"]
[Source "ChessBase"]
[SourceDate "2023.10.10"]
[SourceVersion "1"]
[SourceVersionDate "2023.10.10"]
[SourceQuality "1"]

1. e4 c5 2. Nf3 e6 3. d4 cxd4 4. Nxd4 Bc5 5. Nb3 Bb6 6. c4 Qh4 7. Qf3 Nf6 8. Nc3 Nc6 9. g3 Ne5 10. Qe2 Qg4 11. Qxg4 Nfxg4 12. c5 Bd8 13. Be2 a6 14. f4 h5 15. fxe5 Nxe5 16. Be3 Rb8 17. Nd2 b5 18. cxb6 Bxb6 19. Bxb6 Rxb6 20. 0-0-0 Bb7 21. Nc4 Nxc4 22. Bxc4 Ke7 23. Rhe1 Rc8 24. Bb3 Rb4 25. Kb1 a5 26. Ka1 Bc6 27. Nd5+ Bxd5 28. exd5 a4 29. dxe6 dxe6 30. Bd5 Rc2 31. b3 axb3 32. Bxb3 Rxh2 33. Rc1 Rb7 34. Rc2 Rh3 35. Rc3 h4 36. Rec1 g5 37. gxh4 Rxh4 38. Rf3 Re4 39. Rh1 Kd6 40. Rh7 Rf4 41. Rxf4 gxf4 42. Kb2 Ke5 43. Kc3 Rd7 44. Bc2 f3 45. Bd3 Kf4 46. a4 Ke3 47. Bc4 Rc7 48. a5 f2 49. Rh3+ Kf4 50. Rh1 e5 51. a6 e4 52. Kd4 f5 53. Ra1 Ra7 54. Be2 Rd7+ 55. Kc3 Ke3 56. Bb5 Ra7 57. Ra3 f4 58. Kc2+ Kd4 59. Kd2 f3 60. Ra4+ Kc5 61. Bf1 Re7 62. Ke3 Kb6 63. Rxe4 Rf7 64. Kxf2 Ka7 65. Re3 Rc7 66. Rxf3 Re7 67. Rf6 Rg7 68. Kf3 Re7 69. Kf4 Rg7 70. Kf5 Rg1 71. Ke6 Rg3 72. Rf7+ Ka8 73. Bc4 Ra3 74. Kd6 Ra1 75. Kc5 Rc1 76. Kb6 Rb1+ 77. Bb5 Rxb5+ 78. Kxb5 Kb8 79. Kb6 1-0

[Event "Poznan op 28th"]
[Site "Poznan"]
[Date "2021.08.19"]
[Round "6"]
[White "Glatty, Zbigniew"]
[Black "Stempin, Pawel"]
[Result "1/2-1/2"]
[WhiteElo "1840"]
[BlackElo "2356"]
[PlyCount "188"]
[EventDate "2021.08.15"]
[EventType "swiss"]
[EventRounds "9"]
[EventCountry "POL"]
[SourceTitle "CBM 203 Extra"]
[Source "ChessBase"]
[SourceDate "2021.09.30"]
[SourceVersion "1"]
[SourceVersionDate "2021.09.30"]
[SourceQuality "1"]

1. e4 e6 2. d4 d5 3. Nc3 h6 4. f4 dxe4 5. Nxe4 Nd7 6. Nf3 Ngf6 7. Bd3 Nxe4 8. Bxe4 Be7 9. 0-0 Nf6 10. Bd3 0-0 11. b3 b6 12. c4 Bb7 13. Bb2 c5 14. Kh1 cxd4 15. Bxd4 Qd6 16. Be5 Qc5 17. Qe2 Rad8 18. Rad1 Ng4 19. Bd4 Bxf3 20. Qxf3 Rxd4 21. Qxg4 Rfd8 22. Qf3 a5 23. Bc2 g6 24. Rxd4 Rxd4 25. Rd1 Bd6 26. g3 h5 27. Rxd4 Qxd4 28. Qd3 Qf2 29. Qd1 Bc5 30. a4 Kg7 31. Bd3 h4 32. Qa1+ Bd4 33. Qf1 hxg3 34. Qxf2 gxf2 35. Kg2 Bc5 36. Kf3 Kf6 37. Ke4 Ke7 38. Bf1 f5+ 39. Kf3 Kf6 40. h4 Bd4 41. c5 Bxc5 42. Bc4 Bd4 43. Kg2 Ke7 44. Be2 Be3 45. Kf3 Bd2 46. Bc4 f1Q+ 47. Bxf1 Be1 48. h5 gxh5 49. Ke2 Bg3 50. Kf3 Bh2 51. Bc4 h4 52. Bf1 Kd6 53. Bc4 Bg3 54. Bf1 Be1 55. Ke2 Bc3 56. Kd3 Bb4 57. Ke3 Ba3 58. Kf3 Bc1 59. Bh3 Bd2 60. Bg2 Kc5 61. Bf1 Kd5 62. Bc4+ Kd6 63. Bf1 Be1 64. Ke2 Bg3 65. Kf3 Bh2 66. Bc4 Bg3 67. Bf1 Be1 68. Ke2 Bc3 69. Kd3 Bg7 70. Ke3 Bf8 71. Kf3 Bh6 72. Bh3 Kd5 73. Bg2 Kc5 74. Bf1 Kc6 75. Bb5+ Kd6 76. Bf1 Bg7 77. Bh3 Bc3 78. Bf1 e5 79. fxe5+ Kxe5 80. Bh3 Bd2 81. Bf1 Bb4 82. Bh3 Bd6 83. Ke3 Bc5+ 84. Kf3 Bb4 85. Ke3 Bd6 86. Kf3 f4 87. Bd7 Kd4 88. Bf5 Bc7 89. Bd7 Kc3 90. Be6 h3 91. Bxh3 Kxb3 92. Bd7 Kc4 93. Bb5+ Kc5 94. Be8 Be5 1/2-1/2

[Event "Poznan op 28th"]
[Site "Poznan"]
[Date "2021.08.17"]
[Round "4"]
[White "Glatty, Zbigniew"]
[Black "Chaczynski, Kamil"]
[Result "0-1"]
[WhiteElo "1840"]
[BlackElo "2040"]
[PlyCount "61"]
[EventDate "2021.08.15"]
[EventType "swiss"]
[EventRounds "9"]
[EventCountry "POL"]
[SourceTitle "CBM 203 Extra"]
[Source "ChessBase"]
[SourceDate "2021.09.30"]
[SourceVersion "1"]
[SourceVersionDate "2021.09.30"]
[SourceQuality "1"]

1. e4 c5 2. Nf3 Nc6 3. d4 cxd4 4. Nxd4 Nf6 5. Nc3 e5 6. Ndb5 d6 7. Bg5 a6 8. Na3 b5 9. Nd5 Be7 10. Bxf6 Bxf6 11. c3 0-0 12. h4 g6 13. g3 Bg7 14. Bd3 Ne7 15. Nxe7+ Qxe7 16. Nc2 Bb7 17. 0-0 f5 18. Re1 Kh8 19. a4 fxe4 20. Bxe4 d5 21. Bg2 Qc5 22. Qd2 bxa4 23. Rxa4 Bc6 24. Rb4 a5 25. Rb3 Rad8 26. Ra3 Rd7 27. Rea1 a4 28. Nb4 Rdf7 29. Nxc6 Rxf2 30. Qxd5 Rxg2+ 31. Kxg2 0-1

[Event "Poznan op 28th"]
[Site "Poznan"]
[Date "2021.08.16"]
[Round "3"]
[White "Zarzycki, Lukasz"]
[Black "Glatty, Zbigniew"]
[Result "0-1"]
[WhiteElo "1494"]
[BlackElo "1840"]
[PlyCount "76"]
[EventDate "2021.08.15"]
[EventType "swiss"]
[EventRounds "9"]
[EventCountry "POL"]
[SourceTitle "CBM 203 Extra"]
[Source "ChessBase"]
[SourceDate "2021.09.30"]
[SourceVersion "1"]
[SourceVersionDate "2021.09.30"]
[SourceQuality "1"]

1. c4 Nf6 2. Nc3 e6 3. e4 d5 4. e5 d4 5. exf6 dxc3 6. fxg7 cxd2+ 7. Qxd2 Qxd2+ 8. Bxd2 Bxg7 9. 0-0-0 0-0 10. Nf3 c5 11. Bd3 Nc6 12. Rhe1 Rd8 13. Bf4 Bd7 14. Bc7 Rdc8 15. Bxh7+ Kxh7 16. Rxd7 Kg8 17. Re4 Nb8 18. Bxb8 Raxb8 19. Kc2 Rd8 20. Rc7 Rdc8 21. Rd7 Rd8 22. Ne5 Rxd7 23. Nxd7 Rc8 24. Rg4 f5 25. Rg6 Kf7 26. Rg3 Rc7 27. Rd3 Bd4 28. Nxc5 Bxc5 29. f4 Kf6 30. h3 e5 31. fxe5+ Kxe5 32. h4 Bf2 33. h5 Rxc4+ 34. Kd2 Rd4 35. h6 Ke4 36. Rxd4+ Bxd4 37. b3 Be3+ 38. Ke2 Bxh6 0-1

[Event "Poznan op 28th"]
[Site "Poznan"]
[Date "2021.08.15"]
[Round "2"]
[White "Glatty, Zbigniew"]
[Black "Korzystka, Wiktor"]
[Result "1-0"]
[WhiteElo "1840"]
[BlackElo "1303"]
[PlyCount "75"]
[EventDate "2021.08.15"]
[EventType "swiss"]
[EventRounds "9"]
[EventCountry "POL"]
[SourceTitle "EXT 2022"]
[Source "ChessBase"]
[SourceDate "2021.10.06"]
[SourceVersion "1"]
[SourceVersionDate "2021.10.06"]
[SourceQuality "1"]
[WhiteTeam "Poland"]
[BlackTeam "Poland"]
[WhiteTeamCountry "POL"]
[BlackTeamCountry "POL"]

1. e4 e5 2. Nf3 Nc6 3. Bb5 Nf6 4. 0-0 a6 5. Bxc6 dxc6 6. Nxe5 Bc5 7. d3 Qe7 8. Nc4 Bg4 9. Qe1 h5 10. Bg5 b5 11. e5 bxc4 12. exf6 Qxe1 13. Rxe1+ Kd7 14. h3 gxf6 15. Bxf6 Rh6 16. Bh4 Be6 17. d4 Bb6 18. c3 Rg8 19. Kh2 c5 20. d5 Bxd5 21. f3 Rhg6 22. Re2 c6 23. Nd2 Bc7+ 24. Kh1 Bf4 25. Ne4 Kc7 26. Nf6 Rh8 27. Rd1 Be6 28. Ne4 Rhg8 29. Nxc5 Kb6 30. Nxe6 fxe6 31. Rd4 e5 32. Rxc4 Rd6 33. Rce4 Rd1+ 34. Re1 Rd2 35. R4e2 Rd3 36. Rg1 Be3 37. Rxe3 Rxe3 38. Bf2 1-0

[Event "POL-chT 2nd League"]
[Site "Poronin"]
[Date "2020.09.10"]
[Round "6.15"]
[White "Glatty, Zbigniew"]
[Black "Kelm, Robert"]
[Result "0-1"]
[WhiteElo "1857"]
[BlackElo "1613"]
[PlyCount "120"]
[EventDate "2020.09.05"]
[EventType "team-swiss"]
[EventRounds "9"]
[EventCountry "POL"]
[SourceTitle "CBM 198 Extra"]
[Source "ChessBase"]
[SourceDate "2020.11.30"]
[SourceVersion "1"]
[SourceVersionDate "2020.11.30"]
[SourceQuality "1"]
[WhiteTeam "Lipno Steszew"]
[BlackTeam "Lodz Okucia Budowlane"]
[WhiteTeamCountry "POL"]
[BlackTeamCountry "POL"]

1. e4 c5 2. Nf3 e6 3. d4 cxd4 4. Nxd4 Nf6 5. Nc3 d6 6. Be2 Nc6 7. 0-0 Be7 8. Kh1 e5 9. Nb3 Be6 10. Bf3 a5 11. a4 0-0 12. Nd5 Bxd5 13. exd5 Nb8 14. c4 Nbd7 15. Be2 Ne4 16. Bd3 Nec5 17. Be3 b6 18. f4 Nxb3 19. Qxb3 exf4 20. Bxf4 Nc5 21. Qd1 Bf6 22. Ra2 Ra7 23. b3 g6 24. Raf2 Bg7 25. Bc2 Re8 26. Re1 Be5 27. Rfe2 f6 28. Rf1 Bxf4 29. Rxf4 Rae7 30. Rff2 Re5 31. Kg1 f5 32. g3 Kg7 33. Qd2 Qe7 34. Kf1 Rxe2 35. Rxe2 Qxe2+ 36. Qxe2 Rxe2 37. Kxe2 Kf6 38. Ke3 Ke5 39. Bd1 Nd7 40. Be2 Nc5 41. Bd1 g5 42. Bc2 Nb7 43. Bb1 Nd8 44. Bc2 h6 45. Bd1 g4 46. Bc2 Nf7 47. Bd3 Ng5 48. Be2 Nh3 49. Bf1 f4+ 50. Kd3 fxg3 51. hxg3 Nf2+ 52. Ke3 Nh1 53. Be2 h5 54. Kd3 Nxg3 55. Bd1 Ne4 56. Ke3 Nf6 57. Be2 h4 58. Kd3 h3 59. Bf1 Nh5 60. Ke3 Ng3 0-1

[Event "POL-chT 2nd League"]
[Site "Poronin"]
[Date "2020.09.07"]
[Round "3.19"]
[White "Glatty, Zbigniew"]
[Black "Palacki, Rafal"]
[Result "1-0"]
[WhiteElo "1857"]
[BlackElo "1806"]
[PlyCount "73"]
[EventDate "2020.09.05"]
[EventType "team-swiss"]
[EventRounds "9"]
[EventCountry "POL"]
[SourceTitle "CBM 198 Extra"]
[Source "ChessBase"]
[SourceDate "2020.11.30"]
[SourceVersion "1"]
[SourceVersionDate "2020.11.30"]
[SourceQuality "1"]
[WhiteTeam "Lipno Steszew"]
[BlackTeam "Ustrzyki Dolne"]
[WhiteTeamCountry "POL"]
[BlackTeamCountry "POL"]

1. e4 c5 2. Nf3 d6 3. d4 cxd4 4. Nxd4 Nf6 5. Nc3 a6 6. Be3 e5 7. Nb3 Be7 8. Be2 Be6 9. Nd5 Nbd7 10. f3 h5 11. Qd2 b5 12. a4 Bxd5 13. exd5 bxa4 14. Na5 Nb6 15. c4 Nfd7 16. Bd1 Qc8 17. Bxb6 Nxb6 18. Bxa4+ Nxa4 19. Rxa4 Qf5 20. 0-0 Rh6 21. Nc6 Bg5 22. Qe2 Bf4 23. b4 Qg5 24. Rfa1 Qh4 25. h3 Qg3 26. Rxa6 Qh2+ 27. Kf2 Rxa6 28. Rxa6 f5 29. Ra8+ Kf7 30. Nd8+ Kf6 31. Ne6 Rg6 32. Nxf4 exf4 33. Qe6+ Kg5 34. Qe7+ Rf6 35. Qxg7+ Rg6 36. Qe7+ Rf6 37. Rg8+ 1-0

[Event "Poznan op 27th"]
[Site "Poznan"]
[Date "2019.08.23"]
[Round "7"]
[White "Glatty, Zbigniew"]
[Black "Pawlowski, Rafal"]
[Result "0-1"]
[WhiteElo "1886"]
[BlackElo "1818"]
[PlyCount "150"]
[EventDate "2019.08.18"]
[EventType "swiss"]
[EventRounds "9"]
[EventCountry "POL"]
[SourceTitle "EXT 2020"]
[Source "ChessBase"]
[SourceDate "2019.10.17"]
[SourceVersion "1"]
[SourceVersionDate "2019.10.17"]
[SourceQuality "1"]

1. e4 e6 2. d4 d5 3. Nc3 dxe4 4. Nxe4 Nd7 5. Nf3 Ngf6 6. Bd3 c5 7. c3 Nxe4 8. Bxe4 Nf6 9. Bd3 cxd4 10. cxd4 Qa5+ 11. Bd2 Bb4 12. 0-0 Bxd2 13. Qxd2 Qxd2 14. Nxd2 Bd7 15. Ne4 Bc6 16. Nxf6+ gxf6 17. Bc4 0-0-0 18. Rfd1 Rd6 19. Rd2 Rg8 20. Bf1 Rgd8 21. Rad1 b5 22. b4 a6 23. f3 Kb7 24. Kf2 Bd5 25. Rc1 Kb6 26. Ke3 Bc6 27. Rc3 f5 28. f4 Ra8 29. a3 Be4 30. g3 f6 31. Be2 h6 32. Rc5 Rad8 33. Bd1 Bd5 34. Be2 Be4 35. Bd1 Bd5 36. Be2 Re8 37. Bh5 Ra8 38. Be2 Bc6 39. Rc3 Rad8 40. Rc5 Ra8 41. Rc3 Ra7 42. Rc1 a5 43. Rc3 axb4 44. axb4 Ra4 45. Rb2 Rd5 46. Bd1 Ra1 47. Rbc2 Rd6 48. Rc1 Ra2 49. R1c2 Ra4 50. Rb2 Ra1 51. Be2 Rh1 52. Bd3 Re1+ 53. Kf2 Rd1 54. Ke3 Be4 55. Rbb3 Re1+ 56. Be2 Bd5 57. Rb2 Bc4 58. Rcc2 Bd5 59. Rd2 Rh1 60. Bd3 Bc4 61. Rb1 Rxb1 62. Bxb1 Rd7 63. Rb2 Ra7 64. Kd2 Kc6 65. h3 Kd5 66. g4 fxg4 67. hxg4 Kxd4 68. Bg6 e5 69. fxe5 fxe5 70. Ke1 Ke3 71. Rb1 Rg7 72. Bh5 Ra7 73. Bg6 Ra2 74. Bf5 e4 75. Bg6 Bd3 0-1

[Event "Poznan op 27th"]
[Site "Poznan"]
[Date "2019.08.20"]
[Round "4"]
[White "Wojdak, Karol"]
[Black "Glatty, Zbigniew"]
[Result "0-1"]
[WhiteElo "1457"]
[BlackElo "1886"]
[PlyCount "112"]
[EventDate "2019.08.18"]
[EventType "swiss"]
[EventRounds "9"]
[EventCountry "POL"]
[SourceTitle "EXT 2020"]
[Source "ChessBase"]
[SourceDate "2019.10.17"]
[SourceVersion "1"]
[SourceVersionDate "2019.10.17"]
[SourceQuality "1"]

1. e4 e5 2. Nf3 Nc6 3. Bb5 a6 4. Ba4 Nf6 5. d3 b5 6. Bb3 d6 7. c3 Be7 8. 0-0 0-0 9. Re1 Na5 10. Bc2 c5 11. Bg5 Nc6 12. Nbd2 h6 13. Bh4 Nh7 14. Bxe7 Nxe7 15. Nf1 f5 16. exf5 Nxf5 17. Bb3+ Kh8 18. Ne3 Nxe3 19. fxe3 Bg4 20. Rf1 Bh5 21. h3 Qe7 22. g4 Be8 23. Bd5 Rb8 24. Nd2 Nf6 25. Bg2 Bg6 26. Qe2 a5 27. Rf2 Nd7 28. Raf1 Rxf2 29. Rxf2 Qe6 30. b3 Nf6 31. Ne4 c4 32. Qf3 Nxe4 33. dxe4 cxb3 34. axb3 Qxb3 35. Rd2 Qe6 36. Qd1 Rb6 37. Rd5 Be8 38. Qb3 Bc6 39. Qa2 a4 40. Rd2 Qxa2 41. Rxa2 b4 42. cxb4 Rxb4 43. Rd2 a3 44. Ra2 Ra4 45. Kf2 Bd7 46. Bf1 Be6 47. Ra1 a2 48. Bd3 Rb4 49. Ke2 Rb2+ 50. Kf3 Rd2 51. Be2 Bb3 52. h4 g5 53. hxg5 hxg5 54. Rh1+ Kg7 55. Ra1 Kf6 56. Bb5 Rd1 0-1

[Event "Poznan op 27th"]
[Site "Poznan"]
[Date "2019.08.18"]
[Round "2"]
[White "Niekras, Dawid"]
[Black "Glatty, Zbigniew"]
[Result "1-0"]
[WhiteElo "2300"]
[BlackElo "1886"]
[PlyCount "109"]
[EventDate "2019.08.18"]
[EventType "swiss"]
[EventRounds "9"]
[EventCountry "POL"]
[SourceTitle "EXT 2020"]
[Source "ChessBase"]
[SourceDate "2019.10.17"]
[SourceVersion "1"]
[SourceVersionDate "2019.10.17"]
[SourceQuality "1"]

1. e4 e5 2. Nf3 Nc6 3. Bb5 a6 4. Ba4 Nf6 5. 0-0 Be7 6. Re1 b5 7. Bb3 d6 8. c3 0-0 9. h3 Na5 10. Bc2 c5 11. d4 Qc7 12. Nbd2 cxd4 13. cxd4 Nc6 14. Nb3 a5 15. Be3 a4 16. Nbd2 Bd7 17. a3 h6 18. Bd3 Qb7 19. b4 axb3 20. Qxb3 Rab8 21. d5 Na5 22. Qb4 Nc4 23. Nxc4 bxc4 24. Qxc4 Bb5 25. Qxb5 Qxb5 26. Bxb5 Rxb5 27. Bd2 Ra8 28. Bb4 Kf8 29. Rac1 Rb6 30. Rc4 Ke8 31. Rec1 Ra7 32. Nd2 Kd7 33. Kf1 Ne8 34. Rc6 Rc7 35. Rxc7+ Nxc7 36. Ba5 Rb7 37. Rxc7+ Rxc7 38. Bxc7 Kxc7 39. Nc4 g6 40. Ke2 f5 41. exf5 gxf5 42. g4 fxg4 43. hxg4 e4 44. Ke3 Bh4 45. a4 Kd7 46. a5 Kc7 47. a6 Kb8 48. Nxd6 Ka7 49. Nf5 Bf6 50. Kxe4 Kxa6 51. Nxh6 Kb7 52. Kf5 Bd4 53. f3 Kc7 54. Ke6 Bc5 55. Nf7 1-0

[Event "POL-chT 2nd League"]
[Site "Jastrzebia Gora"]
[Date "2018.09.07"]
[Round "7.77"]
[White "Siedlinski, Piotr"]
[Black "Glatty, Zbigniew"]
[Result "1-0"]
[WhiteElo "2081"]
[BlackElo "1823"]
[PlyCount "171"]
[EventDate "2018.09.01"]
[EventType "team-swiss"]
[EventRounds "9"]
[EventCountry "POL"]
[SourceTitle "CBM 186 Extra"]
[Source "ChessBase"]
[SourceDate "2018.08.24"]
[SourceVersion "1"]
[SourceVersionDate "2018.08.24"]
[SourceQuality "1"]
[WhiteTeam "Jaworzno"]
[BlackTeam "Lipno Steszew"]
[WhiteTeamCountry "POL"]
[BlackTeamCountry "POL"]

1. e4 e5 2. Nf3 Nc6 3. d4 exd4 4. Nxd4 Bc5 5. Nxc6 Qf6 6. Qf3 dxc6 7. Qxf6 Nxf6 8. f3 Be6 9. Nc3 Nd7 10. Bd2 a6 11. Be2 f6 12. f4 0-0-0 13. 0-0-0 Ba7 14. Rhe1 Bf2 15. Rf1 Bd4 16. Be1 Be3+ 17. Bd2 Bd4 18. Be1 Be3+ 19. Kb1 Nc5 20. Bf2 Bxf2 21. Rxf2 a5 22. Bf3 Rxd1+ 23. Nxd1 Rd8 24. Rf1 Re8 25. Nf2 Bf7 26. a3 Ne6 27. Bg4 Kd8 28. Bxe6 Rxe6 29. Kc1 Rd6 30. Rd1 Ke7 31. Rd2 c5 32. Rd3 Be6 33. Rg3 Kf8 34. Rd3 Ke7 35. Rd2 b6 36. Nd1 Bd7 37. Rxd6 cxd6 38. Kd2 Bc6 39. Ke3 d5 40. exd5 Bxd5 41. g3 Bf7 42. Kd3 Kd6 43. Ne3 Be6 44. Ke4 Bd7 45. Nc4+ Kc6 46. h4 Be6 47. Ne3 Kd6 48. h5 Kc6 49. Nf5 Bd5+ 50. Kd3 g5 51. hxg6 hxg6 52. Ne7+ Kd6 53. Nxg6 Bf7 54. Nh4 Kd5 55. c4+ Ke6 56. g4 Be8 57. Ng2 Bc6 58. Ne3 Bf3 59. Kd2 Kf7 60. Ke1 Ke6 61. Kf2 Be4 62. Kg3 Bd3 63. Kh4 Kf7 64. Kh5 Kg7 65. g5 Be2+ 66. Kh4 Kf7 67. Kg3 Kg6 68. Kf2 Bd3 69. gxf6 Kxf6 70. Ke1 Ke6 71. Kd2 Be4 72. a4 Bc6 73. b3 Be4 74. Kc3 Kf6 75. Kd2 Ke6 76. Nd5 Kf5 77. Nxb6 Kxf4 78. Nd7 Bc6 79. Nxc5 Ke5 80. Kc3 Kd6 81. Kd4 Bg2 82. Nd3 Bf1 83. Ne5 Be2 84. c5+ Kc7 85. Nc4 Bd1 86. Nxa5 1-0

[Event "POL-chT 2nd League"]
[Site "Jastrzebia Gora"]
[Date "2018.09.06"]
[Round "6.83"]
[White "Glatty, Zbigniew"]
[Black "Tustanowski, Mateusz"]
[Result "1-0"]
[WhiteElo "1823"]
[BlackElo "2064"]
[PlyCount "67"]
[EventDate "2018.09.01"]
[EventType "team-swiss"]
[EventRounds "9"]
[EventCountry "POL"]
[SourceTitle "CBM 186 Extra"]
[Source "ChessBase"]
[SourceDate "2018.08.24"]
[SourceVersion "1"]
[SourceVersionDate "2018.08.24"]
[SourceQuality "1"]
[WhiteTeam "Lipno Steszew"]
[BlackTeam "Prudnik LKS Zarzewie"]
[WhiteTeamCountry "POL"]
[BlackTeamCountry "POL"]

1. e4 c5 2. Nf3 d6 3. d4 cxd4 4. Nxd4 Nf6 5. Nc3 g6 6. Be3 Ng4 7. Bb5+ Nc6 8. Nxc6 bxc6 9. Bxc6+ Bd7 10. Bxa8 Nxe3 11. fxe3 Qxa8 12. Qd4 e5 13. Qd3 Be7 14. 0-0 0-0 15. Nd5 Bd8 16. b4 Kg7 17. c4 Qc6 18. a4 a5 19. Qc3 Be6 20. bxa5 Qc5 21. Qb4 Qxb4 22. Nxb4 Bxa5 23. Nd5 Rc8 24. Rfc1 Bd2 25. Rc2 Bxd5 26. Rxd2 Bxe4 27. Rxd6 Rxc4 28. Rd2 Kf6 29. a5 Rc7 30. a6 Ra7 31. Kf2 Ke6 32. Ra5 h5 33. g3 Kf5 34. Rd6 1-0

[Event "POL-chT 2nd League"]
[Site "Jastrzebia Gora"]
[Date "2018.09.05"]
[Round "5.89"]
[White "Paziak, Patryk"]
[Black "Glatty, Zbigniew"]
[Result "0-1"]
[WhiteElo "1803"]
[BlackElo "1823"]
[PlyCount "110"]
[EventDate "2018.09.01"]
[EventType "team-swiss"]
[EventRounds "9"]
[EventCountry "POL"]
[SourceTitle "CBM 186 Extra"]
[Source "ChessBase"]
[SourceDate "2018.08.24"]
[SourceVersion "1"]
[SourceVersionDate "2018.08.24"]
[SourceQuality "1"]
[WhiteTeam "Gdansk Korona"]
[BlackTeam "Lipno Steszew"]
[WhiteTeamCountry "POL"]
[BlackTeamCountry "POL"]

1. c4 Nf6 2. Nc3 e6 3. Nf3 d5 4. g3 c6 5. cxd5 exd5 6. Bg2 Bd6 7. 0-0 0-0 8. d4 h6 9. Qd3 Re8 10. Bf4 Ne4 11. Bxd6 Qxd6 12. Ne5 Nxc3 13. bxc3 Nd7 14. f4 f6 15. Qg6 Qe7 16. Ng4 Kh8 17. f5 Nf8 18. Qh5 Kg8 19. e4 dxe4 20. Rae1 Qf7 21. Qxf7+ Kxf7 22. Bxe4 Bd7 23. Bc2 Nh7 24. h4 Rxe1 25. Rxe1 Re8 26. Bb3+ Kf8 27. Rxe8+ Kxe8 28. Ne3 Ke7 29. Kf2 Nf8 30. Kf3 Be8 31. Ke4 Kd6 32. Ng2 Nd7 33. Nf4 Nf8 34. Bg8 Kc7 35. g4 Kd6 36. c4 b6 37. h5 Bd7 38. Ne6 Nxe6 39. fxe6 Bxe6 40. Bxe6 Kxe6 41. d5+ cxd5+ 42. cxd5+ Kd6 43. Kf5 b5 44. Kg6 b4 45. Kxg7 a5 46. Kxh6 a4 47. Kg6 b3 48. axb3 axb3 49. h6 b2 50. h7 b1Q+ 51. Kg7 Qb7+ 52. Kg8 Qxd5+ 53. Kf8 Qa8+ 54. Kg7 Qb7+ 55. Kg8 Qc8+ 0-1

[Event "Poznan op 25th"]
[Site "Poznan"]
[Date "2017.08.23"]
[Round "5"]
[White "Kupsik, Joanna"]
[Black "Glatty, Zbigniew"]
[Result "1/2-1/2"]
[WhiteElo "1703"]
[BlackElo "1879"]
[PlyCount "138"]
[EventDate "2017.08.20"]
[EventType "swiss"]
[EventRounds "9"]
[EventCountry "POL"]
[SourceTitle "CBM 180 Extra"]
[Source "ChessBase"]
[SourceDate "2017.10.06"]
[SourceVersion "1"]
[SourceVersionDate "2017.10.06"]
[SourceQuality "1"]

1. e4 e5 2. Nf3 Nc6 3. d4 exd4 4. Nxd4 d6 5. Nc3 Bd7 6. Be3 Nf6 7. Qd2 a6 8. f3 Be7 9. g4 h6 10. 0-0-0 Nxd4 11. Bxd4 Be6 12. e5 dxe5 13. Bxe5 Qxd2+ 14. Rxd2 c6 15. Be2 Rd8 16. Rhd1 Rxd2 17. Rxd2 0-0 18. h3 Bc5 19. Kb1 Nd7 20. Bd6 Bxd6 21. Rxd6 Re8 22. Kc1 Kf8 23. Kd2 Ke7 24. Rd4 c5 25. Re4 Nf6 26. Re5 Rd8+ 27. Ke3 Nd7 28. Re4 Kd6 29. Bc4 Bxc4 30. Rxc4 b5 31. Rf4 f6 32. a4 Re8+ 33. Re4 Rxe4+ 34. Kxe4 b4 35. Nd1 Ke6 36. Ne3 g6 37. h4 f5+ 38. Kf4 fxg4 39. fxg4 Ne5 40. b3 Nc6 41. h5 gxh5 42. gxh5 Nd4 43. Ke4 a5 44. Kd3 Kf6 45. Nc4 Kg5 46. Nxa5 Kxh5 47. Nc4 Kg4 48. a5 Nc6 49. Ke2 Kf4 50. a6 h5 51. Na5 Na7 52. Nb7 Ke4 53. Nxc5+ Kd4 54. Na4 Ke4 55. Nb2 Kd4 56. Nd1 Ke4 57. Kf2 Kf4 58. Kg2 h4 59. Kf2 h3 60. Nb2 h2 61. Nd3+ Ke4 62. Kg2 Kd4 63. Nxb4 Kc3 64. Nd5+ Kxc2 65. b4 Kb3 66. Kxh2 Kc4 67. b5 Kxb5 68. Nc7+ Kb6 69. Nd5+ Kxa6 1/2-1/2

[Event "Poznan op 22nd"]
[Site "Poznan"]
[Date "2014.08.15"]
[Round "8"]
[White "Font Purroy, Vicenc"]
[Black "Glatty, Zbigniew"]
[Result "1/2-1/2"]
[WhiteElo "2121"]
[BlackElo "1883"]
[PlyCount "150"]
[EventDate "2014.08.09"]
[EventType "swiss"]
[EventRounds "9"]
[EventCountry "POL"]
[SourceTitle "CBM 161 Extra"]
[Source "ChessBase"]
[SourceDate "2014.08.29"]
[SourceVersion "1"]
[SourceVersionDate "2014.08.29"]
[SourceQuality "1"]

1. c4 Nf6 2. g3 c6 3. Nc3 d5 4. cxd5 cxd5 5. Bg2 Nc6 6. d3 e6 7. Nf3 Be7 8. a3 0-0 9. 0-0 a6 10. b4 b5 11. Bg5 h6 12. Bd2 e5 13. Rc1 Qb6 14. e4 Be6 15. exd5 Nxd5 16. Nxe5 Nxe5 17. Nxd5 Bxd5 18. Bxd5 Rad8 19. Be3 Qd6 20. Be4 f5 21. Qb3+ Kh8 22. Bg2 Qxd3 23. Qe6 Qd6 24. Qxd6 Bxd6 25. Bb6 Rc8 26. Bb7 Rb8 27. Bc7 Rxb7 28. Bxd6 Re8 29. Bxe5 Rxe5 30. Rc6 Ra7 31. Rfc1 Rd5 32. Kg2 Rd3 33. R1c3 Rd4 34. Rb6 Rd5 35. Rcc6 a5 36. Rc8+ Kh7 37. Rcb8 Rd3 38. Rxb5 Rxa3 39. Rxf5 Rb3 40. b5 a4 41. b6 Ra6 42. b7 a3 43. Ra8 Rab6 44. Rfa5 Rxb7 45. Rxa3 Rb2 46. Rf8 Rc2 47. h4 h5 48. Raa8 Rbc7 49. Kh3 g6 50. Kg2 R2c6 51. Kh3 Kg7 52. Rg8+ Kf6 53. Raf8+ Rf7 54. Rxf7+ Kxf7 55. Ra8 Kf6 56. Rf8+ Kg7 57. Rf4 Ra6 58. Kg2 Ra3 59. Rf3 Ra5 60. Rb3 Rf5 61. f4 Rf7 62. Kf3 Kh7 63. Rb5 Kg7 64. Ke4 Re7+ 65. Re5 Ra7 66. Rg5 Ra4+ 67. Kf3 Ra3+ 68. Kg2 Ra2+ 69. Kf3 Ra3+ 70. Ke4 Ra4+ 71. Ke5 Ra5+ 72. Ke6 Ra6+ 73. Ke7 Ra7+ 74. Kd8 Ra8+ 75. Kc7 Kf6 1/2-1/2

[Event "Poznan op 22nd"]
[Site "Poznan"]
[Date "2014.08.14"]
[Round "7"]
[White "Bednarska, Malgorzata"]
[Black "Glatty, Zbigniew"]
[Result "1-0"]
[WhiteElo "2052"]
[BlackElo "1883"]
[PlyCount "185"]
[EventDate "2014.08.09"]
[EventType "swiss"]
[EventRounds "9"]
[EventCountry "POL"]
[SourceTitle "CBM 161 Extra"]
[Source "ChessBase"]
[SourceDate "2014.08.29"]
[SourceVersion "1"]
[SourceVersionDate "2014.08.29"]
[SourceQuality "1"]

1. e4 e5 2. Nf3 Nc6 3. d4 exd4 4. Nxd4 Nf6 5. Nxc6 bxc6 6. e5 Qe7 7. Qe2 Nd5 8. c4 Ba6 9. g3 g6 10. b3 Bg7 11. Bb2 0-0 12. Bg2 f6 13. e6 Rfe8 14. 0-0 Nb6 15. Re1 d5 16. Qc2 f5 17. Nd2 Bxb2 18. Qxb2 Qd6 19. Qf6 Rf8 20. Qe5 Rae8 21. Rac1 Re7 22. cxd5 cxd5 23. Qxd6 cxd6 24. Rc6 Rd8 25. Nf3 Kg7 26. Nd4 Kf6 27. a4 Bb7 28. Rc3 a5 29. Nc6 Bxc6 30. Rxc6 Na8 31. Ra6 Rxe6 32. Rxe6+ Kxe6 33. Rxa5 Nc7 34. Ra7 Rc8 35. b4 d4 36. Kf1 Nd5 37. Bxd5+ Kxd5 38. Ke2 Rc2+ 39. Kd3 Rc3+ 40. Kd2 Rb3 41. b5 d3 42. Ra6 Kc5 43. Rc6+ Kd5 44. Rc3 Rb4 45. Rxd3+ Kc5 46. Ra3 Kd4 47. Kc2 Kc4 48. a5 Rxb5 49. a6 Rb8 50. a7 Ra8 51. Kd2 Kd4 52. Ra4+ Kc5 53. Kd3 Kd5 54. Ra5+ Kc6 55. Kd4 Kb6 56. Ra2 Kc6 57. Ra3 Kd7 58. Kd5 Kc7 59. Ra6 Kb7 60. Rxd6 Kxa7 61. Rd7+ Kb6 62. Rxh7 Ra2 63. f4 Re2 64. Rh6 Kc7 65. h4 Kd7 66. Rxg6 Ke7 67. Kd4 Kf7 68. Rc6 Kg7 69. Rc3 Kf6 70. Rc1 Kg6 71. Rc8 Kf6 72. Kd3 Re1 73. Kd2 Re7 74. Rc3 Kg6 75. Re3 Ra7 76. Ke2 Ra2+ 77. Kf3 Kf6 78. g4 fxg4+ 79. Kxg4 Rg2+ 80. Rg3 Rh2 81. h5 Rh1 82. Rh3 Rg1+ 83. Kf3 Rg7 84. h6 Rh7 85. Kg4 Kg6 86. f5+ Kf6 87. Kf4 Rh8 88. h7 Kf7 89. Kg5 Kg7 90. f6+ Kf7 91. Kf5 Ke8 92. Kg6 Kf8 93. Ra3 1-0